000 00300nam a22001337a 4500
008 171102b xxu||||| |||| 00| 0 eng d
020 _a9781882505029
041 _aeng
080 _a339.9
100 _a59
101 _aGLO
245 _aDEMYSTIFYING THE STOCK MARKET
_cPOOL,J.CH
942 _2udc
_cBK
999 _c37157
_d37157